[Event "Druzynowe Mistrzostwa Polski II Liga"]
[Site "Szklarska Poreba"]
[Date "1899-12-30"]
[Round "8.38"]
[White "Helis, Tadeusz"]
[Black "Maj, Pawel"]
[Result "1/2-1/2"]
[WhiteTitle "FM"]
[BlackTitle "k"]
[WhiteElo "2233"]
[BlackElo "2070"]

1. c4 e5 2. Nc3 Nc6 3. Nf3 g6 4. g3 Bg7 5. Bg2 d6 6. d3 f5 7. O-O Nf6 8. Ne1 O-O
9. Nc2 Ne7 10. Nd5 c6 11. Nxf6+ Rxf6 12. d4 Rf8 13. dxe5 dxe5 14. Qxd8 Rxd8 15.
Bg5 Kf7 16. Rad1 Be6 17. b3 a5 18. Be3 a4 19. Nb4 axb3 20. axb3 Rxd1 21. Rxd1
Ra3 22. Rb1 e4 23. Bc5 Ra5 24. Bb6 Ra3 25. Bc5 Ra5 26. Bb6 Ra3 27. e3 Nc8 28.
Bc7 Bf8 29. Nc2 Ra2 30. Nd4 Bd6 31. Bd8 Be7 32. Bxe7 Nxe7 33. Bf1 c5 34. Nb5 b6
35. b4 cxb4 36. Nd6+ Kf6 37. Rxb4 Nc6 38. Rxb6 Ne5 39. c5 Nf3+ 40. Kg2 Ne1+ 41.
Kg1 Nf3+ 42. Kg2 Ne1+ 43. Kg1 Nf3+ 1/2-1/2

[Event "Druzynowe Mistrzostwa Polski II Liga"]
[Site "Szklarska Poreba"]
[Date "1899-12-30"]
[Round "8.39"]
[White "Kosiorek, Przemyslaw"]
[Black "Walkusz, Witoslaw"]
[Result "0-1"]
[WhiteTitle "I+"]
[BlackTitle "FM"]
[WhiteElo "1980"]
[BlackElo "2138"]

1. e4 e5 2. Nf3 Nc6 3. Bb5 a6 4. Ba4 Nf6 5. O-O b5 6. Bb3 Be7 7. Re1 d6 8. c3 O-O
9. h3 Re8 10. Ng5 Rf8 11. Nf3 Bb7 12. d4 Re8 13. Ng5 Rf8 14. Nf3 Re8 15. Nbd2
Bf8 16. a3 Na5 17. Bc2 c5 18. b4 exd4 19. cxd4 cxb4 20. axb4 Nc6 21. Rb1 d5 22.
e5 Nd7 23. Nf1 g6 24. Bd2 Bg7 25. Ne3 Nf8 26. Ng4 Ne6 27. Bh6 f5 28. Bxg7 Kxg7
29. Nf6 Rf8 30. g4 fxg4 31. hxg4 Rxf6 32. exf6+ Qxf6 33. Rb3 Rf8 34. Qe2 Ncxd4
35. Nxd4 Nxd4 36. Qe7+ Rf7 37. Qxf6+ Rxf6 38. Re7+ Rf7 39. Rxf7+ Kxf7 40. Rb2
Nf3+ 41. Kg2 d4 42. Kg3 Ne5 43. Bb3+ Kf6 44. Rd2 Nc6 45. f4 Bc8 46. Bd1 Be6 47.
Bf3 Nxb4 48. Rxd4 a5 49. Rd6 Ke7 50. Rb6 Bc4 51. Rb7+ Kd6 52. Rxh7 a4 53. Ra7
Bd3 54. Bd1 Nc2 55. Kh4 Kc6 56. Kg5 Kb6 57. Ra8 Be4 58. Re8 a3 59. Rxe4 a2 60.
Re6+ Ka5 61. Bxc2 a1=Q 62. Bxg6 Qc1 63. Re5 Kb6 64. Re4 Qd2 65. Re6+ Kc7 66. Be4
b4 67. Rc6+ Kd7 68. Rc5 Qe3 69. Rd5+ Kc7 70. Kf5 b3 71. Rb5 Qc3 72. g5 Qc4 73.
Rb7+ Kc8 74. Rb6 Qc5+ 75. Kg4 Qxb6 76. g6 b2 77. g7 Qg1+ 0-1

[Event "Druzynowe Mistrzostwa Polski II Liga"]
[Site "Szklarska Poreba"]
[Date "1899-12-30"]
[Round "8.40"]
[White "Rawski, Slawomir"]
[Black "Pajak, Jakub"]
[Result "0-1"]
[WhiteTitle "FM"]
[BlackTitle "I++"]
[WhiteElo "2164"]
[BlackElo "1922"]

1. d4 d5 2. Bg5 h6 3. Bh4 c6 4. c3 Bf5 5. Nd2 Qb6 6. Qc1 Nd7 7. f3 Ngf6 8. Bf2
Qc7 9. g3 e5 10. Bg2 Bd6 11. e3 Bd3 12. Qd1 Bg6 13. Ne2 O-O 14. O-O Rfe8 15. Re1
Qb6 16. Qb3 e4 17. f4 Bh5 18. Qc2 Rac8 19. h3 Bxe2 20. Rxe2 Qa6 21. Bf1 b5 22.
Ree1 Qb7 23. a4 a6 24. b4 Nb6 25. a5 Nc4 26. Nxc4 bxc4 27. g4 Qc7 28. Qe2 Nh7
29. Bg2 f6 30. Rf1 Rf8 31. Bxe4 dxe4 32. Qxc4+ Rf7 33. Qxa6 g5 34. f5 Bg3 35.
Qe2 Nf8 36. Kg2 Bxf2 37. Qxf2 Nd7 38. Qg3 Nb8 39. Qxc7 Rfxc7 40. Rf2 Na6 41. Rb2
Rb8 42. Rab1 Rcb7 43. Kf1 Kf7 44. Ke2 Ke7 45. Kd2 Kd6 46. Kc2 Rb5 47. Ra1 R5b7
48. Ra4 Kd5 49. Kb3 Kd6 50. Ka3 Kd5 51. Rb3 Rb5 52. Kb2 h5 53. h4 gxh4 54. gxh5
h3 55. Ra1 Rh8 56. Rh1 Rxh5 57. Ka3 Kc4 58. Rbb1 Rbxf5 59. Rbg1 Rf3 60. Rg6 Rg5
61. Rh6 Rgg3 62. Ka4 Rg2 63. Ra1 Rff2 64. Ra3 h2 65. d5 Kxd5 66. Kb3 Rb2+ 67.
Ka4 Rg1 68. Rxf6 h1=Q 0-1

[Event "Druzynowe Mistrzostwa Polski II Liga"]
[Site "Szklarska Poreba"]
[Date "1899-12-30"]
[Round "8.41"]
[White "Koziol, Pawel"]
[Black "Mikulewicz, Joanna"]
[Result "1/2-1/2"]
[WhiteTitle "I++"]
[BlackTitle "WFM"]
[WhiteElo "1910"]
[BlackElo "2057"]

1. e4 c5 2. Nf3 Nc6 3. Bb5 g6 4. Bxc6 bxc6 5. O-O Bg7 6. c3 d6 7. h3 Nf6 8. Re1
O-O 9. d4 Nd7 10. Nbd2 cxd4 11. cxd4 c5 12. Nc4 cxd4 13. Nxd4 Bb7 14. Nb3 Rc8
15. Nca5 Ba8 16. Qe2 Nc5 17. Nxc5 Qxa5 18. Nd3 Rc7 19. a4 Qa6 20. Bg5 h6 21. Bf4
Rfc8 22. Qe3 Rc4 23. Rec1 Rxe4 24. Rxc8+ Qxc8 25. Qxa7 Qc6 26. Rc1 Rc4 27. Ne1
Rxc1 28. Bxc1 Qxc1 29. Qxa8+ Kh7 30. Qe4 Bxb2 31. Qxe7 Kg7 32. Qe3 Qa1 33. Qe8
Bd4 34. Kf1 Bc3 35. g3 Qd1 36. Qe2 Qxa4 37. Nd3 Qc6 38. Kg1 Bf6 39. Kh2 d5 40.
Nf4 d4 41. Nd3 Qd5 42. Nf4 Qf5 43. Nd3 h5 44. Kg2 g5 45. Qf3 Kg6 46. Qxf5+ Kxf5
47. Kf3 g4+ 48. hxg4+ hxg4+ 49. Ke2 Ke4 50. Nf4 Be5 51. Nd3 Bd6 52. Nb2 f6 53.
Nd3 f5 54. Nb2 Bxg3 55. fxg3 f4 56. gxf4 Kxf4 57. Nd3+ Kg3 58. Ne1 1/2-1/2

[Event "Druzynowe Mistrzostwa Polski II Liga"]
[Site "Szklarska Poreba"]
[Date "1899-12-30"]
[Round "8.42"]
[White "Smarsz, Agata"]
[Black "Baranska, Monika"]
[Result "1/2-1/2"]
[WhiteTitle "m"]
[BlackTitle "I++"]
[WhiteElo "2102"]
[BlackElo "1735"]

1. d4 d5 2. c4 e6 3. cxd5 exd5 4. Nc3 c6 5. Nf3 Be7 6. g3 Bf5 7. Bg2 Nf6 8. O-O
O-O 9. a3 Nbd7 10. Nh4 Bg6 11. Nxg6 hxg6 12. f3 c5 13. dxc5 Bxc5+ 14. Kh1 Nb6
15. b4 Bd6 16. Bg5 a5 17. Qd4 Re8 18. f4 Be7 19. Rad1 axb4 20. axb4 Qd6 21. Nb5
Qc6 22. Nc3 Qd6 23. e4 Qxb4 24. Qxb4 Bxb4 25. Bxf6 gxf6 26. Nxd5 Nxd5 27. Rxd5
Ra7 28. Rb5 Ba5 29. Bf3 b6 30. Rd1 Rc7 31. Rbd5 Kg7 32. h4 Rc3 33. R5d3 Rxd3 34.
Rxd3 Re7 35. Kg2 Bb4 36. Rb3 1/2-1/2

[Event "Druzynowe Mistrzostwa Polski II Liga"]
[Site "Szklarska Poreba"]
[Date "1899-12-30"]
[Round "8.43"]
[White "Zaskalski, Arkadiusz"]
[Black "Lewtak, Damian"]
[Result "1/2-1/2"]
[WhiteTitle "k"]
[BlackTitle "m"]
[WhiteElo "2165"]
[BlackElo "2331"]

1. Nf3 d5 2. c4 d4 3. g3 Nc6 4. Bg2 e5 5. d3 Bb4+ 6. Bd2 a5 7. O-O Nf6 8. Na3 O-O
9. Nc2 Bc5 10. Rb1 Re8 11. a3 a4 12. b4 axb3 13. Rxb3 h6 14. Bb4 Nxb4 15. axb4
Bf8 16. Qc1 Bd7 17. b5 Bc5 18. Rb1 Qc8 19. Ra1 Rxa1 20. Qxa1 Bh3 21. Qb2 Bxg2
22. Kxg2 Qd7 23. e4 dxe3 24. Nxe5 Qf5 25. fxe3 Qxe5 26. Qxe5 Rxe5 27. d4 Re4 28.
dxc5 Rxc4 29. Nd4 Rxc5 30. Kf3 g6 31. Ra1 Kg7 32. Ra7 b6 33. h4 h5 34. Ra2 Ne8
35. Rb2 Nd6 36. Rb3 Kf6 37. Rb4 Ke7 38. Rb3 Nf5 39. Nxf5+ Rxf5+ 40. Ke4 Kd6 41.
Rd3+ Kc5 42. Rc3+ Kxb5 43. Rxc7 Kb4 44. Kd4 b5 45. Rc1 Kb3 46. e4 Rf3 47. Rb1+
Ka4 48. Ra1+ Kb4 49. Ra7 Rf1 50. Rb7 Ka5 51. Kc5 Rc1+ 52. Kd4 f6 53. Ra7+ Kb6
54. Rg7 b4 55. Rxg6 b3 56. Rxf6+ Ka5 57. Rf2 Kb4 58. e5 Rd1+ 59. Ke4 Kc3 60. Rf3+
Kc2 61. Rf2+ Rd2 62. Rf6 b2 63. Rc6+ Kb3 64. Rb6+ Kc3 65. Kf5 Rf2+ 66. Kg5 Rg2
67. Kxh5 Rxg3 68. e6 Re3 69. Kg5 Rxe6 70. Rxb2 Kxb2 71. h5 Kc3 72. h6 1/2-1/2

[Event "Druzynowe Mistrzostwa Polski II Liga"]
[Site "Szklarska Poreba"]
[Date "1899-12-30"]
[Round "8.44"]
[White "Reza, Wojciech"]
[Black "Markiewicz, Jerzy"]
[Result "1-0"]
[WhiteTitle "k++"]
[BlackTitle "FM"]
[WhiteElo "2277"]
[BlackElo "2156"]

1. e4 c5 2. Nf3 d6 3. Bb5+ Bd7 4. Bxd7+ Qxd7 5. c4 Nc6 6. d4 cxd4 7. Nxd4 Nf6 8.
Nc3 g6 9. O-O Bg7 10. Nc2 O-O 11. Qd3 Rac8 12. b3 Qd8 13. Bd2 Nd7 14. Rab1 Nc5
15. Qe2 a6 16. Rfd1 Ne6 17. a4 Ned4 18. Nxd4 Bxd4 19. Qd3 Bc5 20. Bh6 Re8 21.
Qg3 e6 22. e5 Nd4 23. exd6 Bxd6 24. Rxd4 Bxg3 25. Rxd8 Bxf2+ 26. Kxf2 Rexd8 27.
Ke2 f5 28. Bf4 e5 29. Be3 Kf7 30. a5 Rc6 31. Nd5 Ke6 32. Rd1 Rd7 33. g3 Rdd6 34.
Kf3 h5 35. h4 Rd7 36. Bb6 Rc8 37. Ke3 Rg7 38. Kf3 Rc6 39. Re1 g5 40. hxg5 Rxg5
41. Nf4+ Kd6 42. Rd1+ Ke7 43. Bd8+ 1-0

[Event "Druzynowe Mistrzostwa Polski II Liga"]
[Site "Szklarska Poreba"]
[Date "1899-12-30"]
[Round "8.45"]
[White "Augustyn, Sebastian"]
[Black "Rymaszewski, Dariusz"]
[Result "1-0"]
[WhiteTitle "k"]
[BlackTitle "k"]
[WhiteElo "2144"]
[BlackElo "2150"]

1. d4 g6 2. e4 Bg7 3. Nc3 d6 4. Be3 c6 5. Qd2 b5 6. h4 h5 7. Nh3 Nd7 8. Ng5 Nb6
9. Be2 Nf6 10. f3 O-O 11. b3 a5 12. a4 bxa4 13. Nxa4 Nxa4 14. Rxa4 Nd7 15. O-O
Nb6 16. Ra2 a4 17. bxa4 f6 18. a5 fxg5 19. axb6 Rxa2 20. Bc4+ d5 21. Bxa2 gxh4
22. Qb4 Bb7 23. Bg5 Bf6 24. Bh6 Rf7 25. e5 Kh7 26. Be3 Bg7 27. c4 Qd7 28. cxd5
cxd5 29. Bb1 h3 30. Bd3 Bc8 31. Qb2 Qb7 32. Rc1 Bf5 33. Rc7 Qb8 34. Bxf5 gxf5
35. b7 Rf8 36. Rxe7 Kh8 37. Qb6 f4 38. Qg6 1-0

[Event "Druzynowe Mistrzostwa Polski II Liga"]
[Site "Szklarska Poreba"]
[Date "1899-12-30"]
[Round "8.46"]
[White "Renkowski, Piotr"]
[Black "Czarnecki, Wojciech"]
[Result "1-0"]
[WhiteTitle "k"]
[BlackTitle "k"]
[WhiteElo "2102"]
[BlackElo "2020"]

1. e4 g6 2. d4 c6 3. Nc3 Bg7 4. Nf3 d5 5. h3 h5 6. Bd3 Nh6 7. O-O dxe4 8. Nxe4
Nf5 9. c3 Qc7 10. Re1 O-O 11. Bg5 Re8 12. Nf6+ exf6 13. Rxe8+ Kh7 14. Qd2 Nd6
15. Bf4 Be6 16. Qe2 Qd7 17. Bxg6+ fxg6 18. Rxe6 1-0

[Event "Druzynowe Mistrzostwa Polski II Liga"]
[Site "Szklarska Poreba"]
[Date "1899-12-30"]
[Round "8.47"]
[White "Markiewicz, Mateusz"]
[Black "Czerniawski, Marek"]
[Result "1-0"]
[WhiteTitle "I++"]
[BlackTitle "k"]
[WhiteElo "2021"]
[BlackElo "2035"]

1. e4 c5 2. Nf3 g6 3. d4 cxd4 4. Nxd4 Bg7 5. c4 Nc6 6. Be3 Nf6 7. Nc3 Ng4 8. Qxg4
Nxd4 9. Qd1 Ne6 10. Rc1 Qa5 11. a3 b6 12. Be2 Bb7 13. f3 g5 14. O-O Bc6 15. Qd2
Be5 16. Rfd1 d6 17. g3 Rg8 18. Nd5 Qxd2 19. Rxd2 Rc8 20. b4 Bf4 21. Bxf4 gxf4
22. Kf2 Bxd5 23. exd5 fxg3+ 24. hxg3 Nf8 25. Rh1 Rg7 26. Rd4 Nd7 27. Bd3 Ne5 28.
Bxh7 Rxc4 29. Rxc4 Nxc4 30. Bf5 e6 31. dxe6 fxe6 32. Bxe6 Nxa3 33. f4 Nc2 34.
f5 Ke7 35. Rh6 Nxb4 36. f6+ Kxe6 37. fxg7+ Kf7 38. Rxd6 Kxg7 39. Rd7+ Kf6 40.
Rxa7 Nd5 41. Kf3 Ke5 42. Rb7 Kd4 43. Rb8 Kc4 44. g4 b5 45. g5 Ne7 46. Rb7 Ng6
47. Rb6 Ne7 48. Re6 Nf5 49. Kf4 Nh4 50. Kg4 Kd5 51. Rb6 Ng2 52. Rxb5+ Ke6 53.
Kh5 Kf7 54. Kh6 1-0

[Event "Druzynowe Mistrzostwa Polski II Liga"]
[Site "Szklarska Poreba"]
[Date "1899-12-30"]
[Round "8.48"]
[White "Czaplewska, Klara"]
[Black "Jalowiec, Halina"]
[Result "1-0"]
[WhiteTitle "k+"]
[BlackTitle "WFM"]
[WhiteElo "1880"]
[BlackElo "1967"]

1. d4 d6 2. g3 Nf6 3. Bg2 c6 4. e4 Nbd7 5. Ne2 e5 6. Nbc3 Be7 7. O-O a6 8. h3 b5
9. a3 O-O 10. Be3 Re8 11. f4 Bf8 12. g4 Nb6 13. b3 exf4 14. Nxf4 h6 15. Qf3 Ra7
16. Rad1 d5 17. e5 Nh7 18. Qg3 Bxa3 19. Nh5 Be7 20. Qf2 Bh4 21. Ng3 Ng5 22. Nce2
a5 23. Qf4 Ne6 24. Qf3 Bg5 25. Nf5 Bxe3+ 26. Qxe3 Qg5 27. Qf3 Rf8 28. Neg3 f6
29. Qc3 Nd8 30. Qc5 Bxf5 31. Rxf5 Qe3+ 32. Kh2 Nc8 33. Rd3 Qe1 34. Bxd5+ cxd5
35. Qxc8 Nf7 36. Qc5 Rd7 37. Rf1 Qb4 38. Qxb4 axb4 39. e6 Rc7 40. exf7+ Kxf7 41.
Rd2 Rfc8 42. Rff2 g6 43. Kg2 Rc3 44. Rfe2 R3c6 45. Nf1 1-0

[Event "Druzynowe Mistrzostwa Polski II Liga"]
[Site "Szklarska Poreba"]
[Date "1899-12-30"]
[Round "8.49"]
[White "Dzierzak, Radoslaw"]
[Black "Dowgird, Filip"]
[Result "1-0"]
[WhiteTitle "I++"]
[BlackTitle "k"]
[WhiteElo "2251"]
[BlackElo "2270"]

1. e4 d6 2. d4 Nf6 3. Nc3 c6 4. Nf3 Bg4 5. h3 Bh5 6. Qe2 e6 7. g4 Bg6 8. h4 h6
9. h5 Bh7 10. g5 hxg5 11. Nxg5 Bg8 12. Bg2 Nbd7 13. Be3 Qa5 14. O-O-O O-O-O 15.
f4 d5 16. e5 Ne8 17. Bh3 Nc7 18. f5 Nb6 19. Kb1 Nc4 20. Bc1 b5 21. Qf3 Be7 22.
Ne2 Kd7 23. Qg3 b4 24. Rd3 Rb8 25. Nxe6 fxe6 26. Qxg7 Rxh5 27. fxe6+ Bxe6 28.
Nf4 Rxh3 29. Rhxh3 Rg8 30. Qh7 Rg1 31. Ng6 Rxg6 32. Qxg6 Bxh3 33. Rxh3 Qb6 34.
Rh6 Qxd4 35. Qxc6+ Kc8 36. Rh8+ Bd8 37. Qf6 Qxe5 38. Qxd8+ Kb7 39. Qc8+ Kc6 40.
Rh6+ Nd6 41. Qf8 Ncb5 42. Qf4 Qe1 43. Qd2 Qe4 44. Qe3 Qc4 45. Qd3 Qg4 46. Rg6
Qh4 47. Qg3 Qh1 48. Qg1 Qf3 49. Qg4 Qxg4 50. Rxg4 a5 51. Rg6 Kb7 52. Be3 Nc4 53.
Bc5 Nc7 54. Kc1 Na6 55. Bd4 Nb8 56. b3 Na3 57. Rd6 1-0

[Event "Druzynowe Mistrzostwa Polski II Liga"]
[Site "Szklarska Poreba"]
[Date "1899-12-30"]
[Round "8.50"]
[White "Dobrowolski, Aleksander"]
[Black "Walter, Szymon"]
[Result "1-0"]
[WhiteTitle "m"]
[BlackTitle "k"]
[WhiteElo "2266"]
[BlackElo "2263"]

1. e4 e6 2. d4 d5 3. Nc3 Nf6 4. e5 Ne4 5. Nxe4 dxe4 6. Bc4 a6 7. Ne2 b5 8. Bb3
c5 9. c3 Bb7 10. O-O Nc6 11. Bc2 cxd4 12. Bxe4 dxc3 13. Nxc3 Qc7 14. Bf4 Be7 15.
Rc1 Rd8 16. Qh5 Qb8 17. Nxb5 axb5 18. Bxc6+ Bxc6 19. Rxc6 O-O 20. Rfc1 Qa8 21.
Rc7 Bb4 22. Bg5 Rd5 23. Qg4 Bd2 24. Bf6 g6 25. R1c2 Qxa2 26. h4 Qb1+ 27. Kh2 Qe1
28. Rxf7 Bf4+ 29. Qxf4 1-0

[Event "Druzynowe Mistrzostwa Polski II Liga"]
[Site "Szklarska Poreba"]
[Date "1899-12-30"]
[Round "8.51"]
[White "Faron, Rafal"]
[Black "Kwiecinski, Marian"]
[Result "1-0"]
[WhiteTitle "k"]
[BlackTitle "k"]
[WhiteElo "2115"]
[BlackElo "2216"]

1. c4 Nf6 2. g3 d5 3. cxd5 Nxd5 4. Bg2 c6 5. Nc3 Nf6 6. Nf3 g6 7. O-O Bg7 8. d4
O-O 9. e4 Bg4 10. Be3 Qc8 11. Qb3 Na6 12. Rac1 Nc7 13. d5 Nfe8 14. Bc5 Bxf3 15.
Bxf3 Nd6 16. Rfe1 Na6 17. Ba3 c5 18. e5 Nf5 19. Nb5 b6 20. d6 exd6 21. Nxd6 Qd7
22. Nxf5 Qxf5 23. Be4 Qc8 24. Bxa8 Qxa8 25. Qc4 Nc7 26. b4 Ne6 27. Qe4 Qc8 28.
bxc5 bxc5 29. Bxc5 Re8 30. Bxa7 Qa6 31. Qc6 Qxc6 32. Rxc6 Ra8 33. Be3 Bxe5 34.
Re2 h5 35. Rc4 Bf6 36. a4 Kg7 37. Bb6 Bd8 38. Bxd8 Rxd8 39. Ra2 Rd1+ 40. Kg2 g5
41. a5 g4 42. h4 Nd4 43. Rxd4 Rxd4 44. a6 Rd8 45. a7 Ra8 46. f3 gxf3+ 47. Kxf3
Kf6 48. Kf4 Kg6 49. Ra6+ f6 50. Ra5 1-0

[Event "Druzynowe Mistrzostwa Polski II Liga"]
[Site "Szklarska Poreba"]
[Date "1899-12-30"]
[Round "8.52"]
[White "Grossmann, Ryszard"]
[Black "Kastelik, Adrian"]
[Result "0-1"]
[WhiteTitle "FM"]
[BlackTitle "I++"]
[WhiteElo "2070"]
[BlackElo "2168"]

1. d4 d5 2. Nf3 Nf6 3. c4 c6 4. Qc2 dxc4 5. Qxc4 Bf5 6. Nc3 e6 7. e3 Nbd7 8. Nh4
Bg4 9. h3 Bh5 10. g4 Nd5 11. Nxd5 exd5 12. Qb3 Qxh4 13. gxh5 O-O-O 0-1

[Event "Druzynowe Mistrzostwa Polski II Liga"]
[Site "Szklarska Poreba"]
[Date "1899-12-30"]
[Round "8.53"]
[White "Wielek, Thomas"]
[Black "Helaszek, Edward"]
[Result "0-1"]
[WhiteTitle "I"]
[BlackTitle "k"]
[WhiteElo "1803"]
[BlackElo "2006"]

1. e4 d6 2. d4 Nf6 3. Nc3 c6 4. Bc4 b5 5. Bb3 b4 6. e5 bxc3 7. exf6 exf6 8. bxc3
Be7 9. Qf3 O-O 10. Qg3 Re8 11. Nf3 Bf8+ 12. Be3 Qa5 13. O-O Na6 14. d5 c5 15.
c4 Bd7 16. Bd2 Qc7 17. Bc3 Kh8 18. Qf4 Re2 19. h4 Rae8 20. Nd2 Qd8 21. h5 h6 22.
f3 f5 23. Qxh6+ Kg8 24. Qf4 Qe7 25. Rad1 g5 26. hxg6 fxg6 27. Nb1 g5 28. Qc1 Bg7
29. Bxg7 Qxg7 30. Rfe1 Qd4+ 0-1

[Event "Druzynowe Mistrzostwa Polski II Liga"]
[Site "Szklarska Poreba"]
[Date "1899-12-30"]
[Round "8.54"]
[White "Korosciel, Aneta"]
[Black "Binkowska, Agata"]
[Result "0-1"]
[WhiteTitle "m"]
[BlackTitle "I++"]
[WhiteElo "2017"]
[BlackElo "1822"]

1. g3 d5 2. Bg2 g6 3. d3 Bg7 4. Nf3 e5 5. O-O Ne7 6. Nbd2 O-O 7. e4 c6 8. Re1 Nd7
9. Nb3 h6 10. c3 g5 11. h3 Ng6 12. Nh2 Nf6 13. a4 b6 14. a5 Be6 15. exd5 Bxd5
16. c4 Bxg2 17. Kxg2 c5 18. Qc2 Qd7 19. Be3 Rad8 20. Red1 g4 21. h4 Nh5 22. Kg1
f5 23. axb6 axb6 24. Ra6 Rf6 25. Nf1 f4 26. Bc1 Rd6 27. Re1 Qb7 28. Ra3 Qd7 29.
Ra6 Ne7 30. d4 exd4 31. Qe4 Ng6 32. Bd2 fxg3 33. fxg3 Ne5 34. Rea1 Nf3+ 35. Kh1
Re6 36. Qxg4 Nxd2 37. Nbxd2 Nf6 38. Qf5 Rf8 39. Nf3 Qc6 40. Qd3 Ng4 41. Kg2 Ne3+
0-1

[Event "Druzynowe Mistrzostwa Polski II Liga"]
[Site "Szklarska Poreba"]
[Date "1899-12-30"]
[Round "8.55"]
[White "Barglowski, Filip"]
[Black "Ustianovich, Nazar"]
[Result "1/2-1/2"]
[WhiteTitle "FM"]
[BlackTitle "FM"]
[WhiteElo "2310"]
[BlackElo "2382"]

1. e4 c6 2. d4 d5 3. exd5 cxd5 4. Bd3 Nc6 5. c3 Qc7 6. Nd2 Nf6 7. h3 g6 8. Ndf3
Bf5 9. Ne2 Bg7 10. Bf4 Qd7 11. O-O O-O 12. Ng3 Bxd3 13. Qxd3 Rac8 14. Rfe1 a6
15. a4 Na5 16. Ne5 Qd8 17. Nf1 Nc4 18. Nxc4 dxc4 19. Qf3 Qd7 20. Be5 Nd5 21. Bxg7
Kxg7 22. Ne3 Nf6 23. Ng4 Nd5 24. Re5 Rfd8 25. Rae1 Rc6 26. Qg3 Qc7 27. Qh4 f6
28. Qh6+ Kg8 29. R5e2 Rd7 30. g3 b5 31. axb5 axb5 32. Ne3 Nxe3 33. Rxe3 Qd8 34.
Re4 Qf8 35. Qe3 Kf7 36. Re6 Rcd6 37. Qe4 Qd8 38. Rxd6 Rxd6 39. h4 Ke8 1/2-1/2

[Event "Druzynowe Mistrzostwa Polski II Liga"]
[Site "Szklarska Poreba"]
[Date "1899-12-30"]
[Round "8.56"]
[White "Smolka, Marcin"]
[Black "Winiarski, Mikolaj"]
[Result "0-1"]
[WhiteTitle "k"]
[BlackTitle "FM"]
[WhiteElo "2153"]
[BlackElo "2272"]

1. e4 c5 2. c4 Nc6 3. Nc3 e6 4. g3 Nge7 5. Bg2 Nd4 6. Nge2 Nec6 7. O-O g6 8. Nxd4
cxd4 9. Ne2 Bg7 10. d3 O-O 11. a3 a5 12. Qa4 d6 13. b4 Ra7 14. b5 Nb8 15. Qc2
Nd7 16. a4 f5 17. Ba3 Qc7 18. exf5 gxf5 19. Nf4 Nc5 20. Rae1 Be5 21. Nh5 b6 22.
Qd2 f4 23. gxf4 Bg7 24. Qd1 Kh8 25. Bb2 Bb7 26. f3 Qf7 27. Ng3 Qxf4 28. Ne4 Be5
29. Ng3 Ba8 30. Kh1 Rg7 31. Re4 Qh6 32. Bc1 Qg6 33. f4 Bxe4 34. dxe4 Bf6 35. f5
Qg4 36. Bf3 Qh4 37. Nh5 Be5 38. Qe2 exf5 39. Bh6 fxe4 40. Bxg7+ Bxg7 41. Nxg7
exf3 42. Nf5 fxe2 0-1

[Event "Druzynowe Mistrzostwa Polski II Liga"]
[Site "Szklarska Poreba"]
[Date "1899-12-30"]
[Round "8.57"]
[White "Chylewski, Patryk"]
[Black "Musial, Tomasz"]
[Result "1-0"]
[WhiteTitle "k++"]
[BlackTitle "I++"]
[WhiteElo "2255"]
[BlackElo "1985"]

1. d4 e6 2. c4 d5 3. Nc3 Nf6 4. Bg5 Be7 5. e3 h6 6. Bxf6 Bxf6 7. Nf3 O-O 8. Qc2
c6 9. O-O-O dxc4 10. Bxc4 b5 11. Bd3 g6 12. Ne5 Bg7 13. Kb1 Bb7 14. Ne4 Na6 15.
f4 Nb4 16. Qd2 Nxd3 17. Qxd3 c5 18. Nxc5 Bxg2 19. Rhg1 Bd5 20. e4 Bc4 21. Qc2
Bxe5 22. fxe5 Qa5 23. b3 Rab8 24. Nd7 Rbc8 25. Nxf8 Bxb3 26. Qxb3 1-0

[Event "Druzynowe Mistrzostwa Polski II Liga"]
[Site "Szklarska Poreba"]
[Date "1899-12-30"]
[Round "8.58"]
[White "Kmak, Wieslaw"]
[Black "Rozycki, Bartlomiej"]
[Result "1/2-1/2"]
[WhiteTitle "I"]
[BlackTitle "k++"]
[WhiteElo "1867"]
[BlackElo "2157"]

1. d4 Nf6 2. Nf3 e6 3. e3 b6 4. Bd3 Bb7 5. O-O Be7 6. Nbd2 d5 7. Ne5 O-O 8. b3
c5 9. Bb2 Nc6 10. a3 Qc7 11. f4 Nxe5 12. fxe5 Ne4 13. Bxe4 dxe4 14. c4 Bg5 15.
Qe2 Rad8 16. Rae1 Qe7 17. Nb1 Bh6 18. Nc3 cxd4 19. exd4 Rxd4 20. Nd5 Qc5 21. Bxd4
Qxd4+ 22. Ne3 Qxe5 23. Kh1 f5 24. Qh5 Qc3 25. Ng4 Bd2 26. Rd1 e3 27. Qg5 e2 28.
Nh6+ Kh8 29. Nf7+ Kg8 30. Nh6+ Kh8 1/2-1/2

[Event "Druzynowe Mistrzostwa Polski II Liga"]
[Site "Szklarska Poreba"]
[Date "1899-12-30"]
[Round "8.59"]
[White "Kokoszczynski, Jan"]
[Black "Mucha, Marta"]
[Result "1-0"]
[WhiteTitle "k"]
[BlackTitle "I"]
[WhiteElo "2103"]
[BlackElo "1377"]

1. c4 c5 2. Nc3 g6 3. g3 Bg7 4. Bg2 Nf6 5. e3 d6 6. Nge2 Nbd7 7. O-O Rb8 8. d4
b6 9. b3 O-O 10. Bb2 Bb7 11. d5 Bc8 12. e4 h5 13. f4 Ng4 14. Qd2 a6 15. a4 Re8
16. Rae1 Kh7 17. h3 Ngf6 18. Nc1 Ng8 19. Kh2 f6 20. Nd3 Qc7 21. Bf3 Bh6 22. Qc2
Nf8 23. Kg2 e5 24. dxe6 Nxe6 25. Nd5 Qd8 26. Qd1 Nc7 27. f5 Nxd5 28. fxg6+ Kg7
29. cxd5 Qd7 30. Rh1 b5 31. a5 c4 32. Nf4 Bxf4 33. gxf4 Ne7 34. Bxh5 Nxg6 35.
Bxg6 Kxg6 36. f5+ Kf7 37. Qh5+ Ke7 38. Qh7+ Kf8 39. Qh8+ 1-0

[Event "Druzynowe Mistrzostwa Polski II Liga"]
[Site "Szklarska Poreba"]
[Date "1899-12-30"]
[Round "8.60"]
[White "Pyzio, Amelia"]
[Black "Moscicka, Pola"]
[Result "1-0"]
[WhiteTitle "I+"]
[BlackTitle "k+"]
[WhiteElo "1620"]
[BlackElo "1894"]

1. e4 c5 2. Nf3 e6 3. d4 cxd4 4. Nxd4 Nf6 5. Nc3 Nc6 6. Be2 Bb4 7. O-O Bxc3 8.
bxc3 Nxe4 9. Bd3 d5 10. Ba3 Nxd4 11. cxd4 Qa5 12. Qc1 Bd7 13. Rb1 Bc6 14. Re1
Qd2 15. Qb2 Qxf2+ 16. Kh1 Qf4 17. Rf1 Qc7 18. Bxe4 dxe4 19. d5 Bxd5 20. Qxg7 O-O-O
21. Rxf7 Qa5 22. Rfxb7 Qe1+ 23. Rxe1 Bxb7 24. h3 Rhg8 25. Qc3+ Kb8 26. Re3 Rd1+
27. Kh2 Rf1 28. Bd6+ Ka8 29. Bg3 h5 30. Qe5 Rf5 31. Qxe6 Rfg5 32. h4 R5g6 33.
Qf5 1-0

[Event "Druzynowe Mistrzostwa Polski II Liga"]
[Site "Szklarska Poreba"]
[Date "1899-12-30"]
[Round "8.61"]
[White "Piotrowski, Przemyslaw"]
[Black "Snihur, Piotr"]
[Result "1/2-1/2"]
[WhiteTitle "k+"]
[BlackTitle "k"]
[WhiteElo "2324"]
[BlackElo "2181"]

1. Nf3 Nf6 2. d4 c5 3. c4 cxd4 4. Nxd4 e5 5. Nb5 d5 6. cxd5 Bc5 7. N5c3 O-O 8.
e3 Bf5 9. Bc4 Nbd7 10. O-O Rc8 11. Nd2 e4 12. b3 Re8 13. Bb2 Ne5 14. Be2 Bd6 15.
Nc4 Bb8 16. d6 Nxc4 17. Bxc4 Bxd6 18. Nb5 Bb8 19. h3 a6 20. Qxd8 Rcxd8 21. Nd4
Be5 22. a4 Nd5 23. Bxd5 Rxd5 24. Rad1 Bxd4 25. Bxd4 Rc8 26. Rc1 Rdd8 27. a5 Rxc1
28. Rxc1 Rc8 29. Rxc8+ Bxc8 30. Kh2 f6 31. Kg3 Be6 32. b4 Kf7 33. Kf4 Bd5 34.
h4 h5 35. Kf5 g6+ 36. Kf4 Bc6 37. Bc3 1/2-1/2

[Event "Druzynowe Mistrzostwa Polski II Liga"]
[Site "Szklarska Poreba"]
[Date "1899-12-30"]
[Round "8.62"]
[White "Nowak, Mikolaj"]
[Black "Chojnacki, Slawomir"]
[Result "0-1"]
[WhiteTitle "I++"]
[BlackTitle "k"]
[WhiteElo "2088"]
[BlackElo "2260"]

1. e4 c6 2. d4 d5 3. exd5 cxd5 4. c4 Nf6 5. Nc3 dxc4 6. Bxc4 e6 7. Nf3 Be7 8. O-O
O-O 9. Bg5 Nc6 10. a3 Nd5 11. Bxd5 Bxg5 12. Bxc6 bxc6 13. Nxg5 Qxg5 14. f4 Qe7
15. Qf3 Ba6 16. Rfd1 c5 17. Qc6 cxd4 18. Rxd4 Bb7 19. Qd6 Qf6 20. Rad1 Qg6 21.
R1d2 h5 22. Qe5 h4 23. Qg5 Qh7 24. f5 Qxf5 25. Qxf5 exf5 26. Rxh4 Rfd8 27. Rhd4
Rxd4 28. Rxd4 a5 29. Kf2 Kf8 30. Rd7 Rb8 31. b4 axb4 32. axb4 Ba6 33. Rd4 Rc8
34. b5 Rxc3 35. bxa6 Ra3 36. Rd6 g6 37. Rd8+ Ke7 38. Ra8 Kf6 39. a7 f4 40. h4
Ra2+ 41. Kf1 Kf5 42. Ke1 f3 43. gxf3 Kf4 44. h5 gxh5 45. Rh8 Rxa7 46. Rxh5 f5
47. Kf2 Ra2+ 48. Kf1 Rb2 49. Rh4+ Kg3 50. Ra4 f4 51. Ra8 Rb3 52. Ke2 Re3+ 53.
Kf1 Rxf3+ 54. Kg1 Rb3 55. Kf1 Rb1+ 56. Ke2 f3+ 57. Ke3 Re1+ 58. Kd2 Kf2 59. Rf8
Rg1 60. Kd3 Rg7 0-1

[Event "Druzynowe Mistrzostwa Polski II Liga"]
[Site "Szklarska Poreba"]
[Date "1899-12-30"]
[Round "8.63"]
[White "Fudalej, Michal"]
[Black "Szadkowski, Krzysztof"]
[Result "1-0"]
[WhiteTitle "FM"]
[BlackTitle "k"]
[WhiteElo "2200"]
[BlackElo "2130"]

1. Nf3 Nf6 2. g3 g6 3. Bg2 Bg7 4. c4 c5 5. Nc3 d5 6. cxd5 Nxd5 7. Qa4+ Nc6 8. Qc4
Ndb4 9. O-O Na6 10. d3 O-O 11. Be3 Nd4 12. Bxd4 cxd4 13. Nd5 Be6 14. Ng5 Rc8 15.
Nxe6 Rxc4 16. Nxd8 Rc2 17. Nxb7 e6 18. Ne7+ Kh8 19. Nc6 Rxb2 20. Rfb1 Rxe2 21.
Nxa7 Rd2 22. Rb3 h5 23. Nb5 h4 24. N5d6 f5 25. Nd8 Nc5 26. Rb5 Nxd3 27. Nxe6 Rf6
28. Rb8+ Kh7 29. Ng5+ 1-0